000 00647nam a22001577a 4500
003 OSt
005 20150916105210.0
008 150916b xxu||||| |||| 00| 0 eng d
040 _cRUA
082 _aAGR THA 2002 B027 Or.1
100 _9578
_aTHAN, BUNRIM.
245 _agermination study on rubber seeds of different varieties at chup rubber company (ដំណុះភាពកៅស៊ូទៅតាមប្រភេទនៃគ្រាប់ពូជផ្សេងៗគ្នា នៅក្រុមហ៊ុនចំការកៅស៊ូជុប)
260 _aPhnom Penh
_bRUA
_c2002
300 _a39p.
_bill.
_c29cm.
942 _2ddc
_cAGR
999 _c555
_d555